Expert process planning for manufacturing (Record no. 317604)

000 -LEADER
fixed length control field 00304 a2200121 4500
001 - CONTROL NUMBER
control field 82531
082 ## - DEWEY DECIMAL CLASSIFICATION NUMBER
Classification number 658.500285 CHA
090 ## - LOCALLY ASSIGNED LC-TYPE CALL NUMBER (OCLC); LOCAL CALL NUMBER (RLIN)
-- 39969
-- 39969
100 ## - MAIN ENTRY--PERSONAL NAME
Personal name Chang Tien Chein
245 ## - TITLE STATEMENT
Title Expert process planning for manufacturing
260 ## - PUBLICATION, DISTRIBUTION, ETC.
Place of publication, distribution, etc. NY
Name of publisher, distributor, etc. Addison Wisley
Date of publication, distribution, etc. 1990
300 ## - PHYSICAL DESCRIPTION
Extent xv, 283 p.
942 ## - ADDED ENTRY ELEMENTS (KOHA)
Institution code [OBSOLETE] NUST CAE
Call number prefix 658.500285 CHA
Holdings
Withdrawn status Lost status Damaged status Not for loan Collection code Permanent Location Current Location Date acquired Total Checkouts Full call number Barcode Date last seen Price effective from Koha item type
          College of Aeronautical Engineering (CAE) College of Aeronautical Engineering (CAE) 04/03/2017   658.500285 CHA CAEN-954 04/05/2017 04/05/2017 Book
© 2023 Central Library, National University of Sciences and Technology. All Rights Reserved.